| 000 | 01386nam a22002297a 4500 | ||
|---|---|---|---|
| 999 |
_c62991 _d62991 |
||
| 003 | Ge_BSU | ||
| 005 | 20250424101918.0 | ||
| 008 | 250424s2014 ge ||||| |||| 00| 0 geo d | ||
| 020 | _a9789941230103 | ||
| 041 | _ageo | ||
| 080 | _a633.88 : 581.6:615.32 ს-22 | ||
| 245 |
_aსამკურნალო მცენარეები : _bაღწერა. მოყვანა. გამოყენება / _cმთარგმნ.: ნინო მარდალეიშვილი, მედეა მგალობლიშვილი; რედ. რუსუდან გორგაძე; კონსულტანტი დავით ვაშაძე. |
||
| 264 |
_aთბ. : _bბაკურ სულაკაურის გამ-ბა, _c2014. |
||
| 300 |
_a350 გვ. : _b ილ. ; _c24 სმ. |
||
| 500 | _aლექსიკონი: გვ. 344-345. | ||
| 501 | _aსაძიებელი: გვ. 346-349. | ||
| 653 | _aსამკურნალო მცენარეები | ||
| 700 |
_aმარდალეიშვილი, ნინო _e მთარგმნელი _924926 |
||
| 700 |
_aმგალობლიშვილი, მედეა _e მთარგმნელი _924927 |
||
| 700 |
_aგორგაძე, რუსუდან _eრედაქტორი _924928 |
||
| 942 |
_2udc _cᲬᲘᲒᲜᲘ |
||